000 00485cam a22002054a 4500
005 20250605164245.0
008 250528s ||||||||||||||||||||||||d
035 _a21492
020 _a9780134775555
040 _aGR-AtMCL
_bgre
_dGR-AtMCL
_eAACR2
245 1 _aINVESTMENTS
250 _a4
260 _bPrentice Hall,
_c1990
300 _a833
700 1 _aAlexander Gordon J.
_97506
700 1 _aSharpe William F
_97507
942 _cBK
999 _c6554
_d6554